| 000 | 00419 a2200157 4500 | ||
|---|---|---|---|
| 005 | 20250613082531.0 | ||
| 020 | _a978-0-07-297747-9 | ||
| 082 | _a519.5 BOW | ||
| 100 | _aBOWERMAN, L. B | ||
| 245 | _aBusiness Statistics in Practice | ||
| 250 | _a4th Ed | ||
| 260 |
_aBoston _bMcGraw-Hill Irwin _c2007. |
||
| 300 |
_axxi,873p.:ill.;figure _bAppendix and Index _c27 cm |
||
| 700 | _aRicard T. O'Connell | ||
| 942 |
_2ddc _cBKS |
||
| 999 |
_c3796 _d3796 |
||